The atlas of languages : (Record no. 2570)
[ view plain ]
| 000 -LEADER | |
|---|---|
| fixed length control field | 01633nac a22003731u 4500 |
| 003 - CONTROL NUMBER IDENTIFIER | |
| control field | EG-ScBUE |
| 005 - DATE AND TIME OF LATEST TRANSACTION | |
| control field | 20191204140751.0 |
| 008 - FIXED-LENGTH DATA ELEMENTS--GENERAL INFORMATION | |
| fixed length control field | 100805t2003 nyuab f b 001 0 eng d |
| 020 ## - INTERNATIONAL STANDARD BOOK NUMBER | |
| International Standard Book Number | 0816051232 |
| 020 ## - INTERNATIONAL STANDARD BOOK NUMBER | |
| International Standard Book Number | 9780816051236 |
| 040 ## - CATALOGING SOURCE | |
| Original cataloging agency | EG-ScBUE |
| Language of cataloging | eng |
| Description conventions | rda |
| Transcribing agency | EG-ScBUE |
| Modifying agency | EG-ScBUE |
| 082 04 - DEWEY DECIMAL CLASSIFICATION NUMBER | |
| Classification number | 409 |
| Item number | ATL |
| Edition number | 22 |
| 245 04 - TITLE STATEMENT | |
| Title | The atlas of languages : |
| Remainder of title | the origin and development of languages throughout the world / |
| Statement of responsibility, etc | consultant editors, Bernard Comrie, Stephen Matthews, Maria Polinksy ; foreword by Jean Aitchison. |
| 250 ## - EDITION STATEMENT | |
| Edition statement | Revised edition. |
| 264 #1 - PUBLICATION, DISTRIBUTION, ETC. (IMPRINT) | |
| Place of publication, distribution, etc | New York : |
| Name of publisher, distributor, etc | Facts on File, Inc, |
| Date of publication, distribution, etc | [2003] |
| 264 #4 - PUBLICATION, DISTRIBUTION, ETC. (IMPRINT) | |
| Date of publication, distribution, etc | c 2003 |
| 300 ## - PHYSICAL DESCRIPTION | |
| Extent | 224 pages : |
| Other physical details | color illustrations, color maps ; |
| Dimensions | 30 cm. |
| 336 ## - CONTENT TYPE | |
| Source | rdacontent |
| Content type term | text |
| Content type code | txt |
| 337 ## - MEDIA TYPE | |
| Source | rdamedia |
| Media type term | unmediated |
| Media type code | n |
| 338 ## - CARRIER TYPE | |
| Source | rdacarrier |
| Carrier type term | volume |
| Carrier type code | nc |
| 490 0# - SERIES STATEMENT | |
| Series statement | Facts on File library of language and literature |
| 500 ## - GENERAL NOTE | |
| General note | Includes glossary. |
| 504 ## - BIBLIOGRAPHY, ETC. NOTE | |
| Bibliography, etc | Includes bibliographical references and index. |
| 520 ## - SUMMARY, ETC. | |
| Summary, etc | Presents an introduction to languages and linguistics, including the evolution of over 200 languages, explanations of writing systems, language trees, and maps illustrating various aspects of all the language families. |
| 590 ## - LOCAL NOTE (RLIN) | |
| Local note | reham |
| 650 #7 - SUBJECT ADDED ENTRY--TOPICAL TERM | |
| Topical term or geographic name as entry element | Language and languages |
| Form subdivision | Maps. |
| Source of heading or term | BUEsh |
| 9 (RLIN) | 17129 |
| 653 ## - INDEX TERM--UNCONTROLLED | |
| Resource For college | Humanities: English |
| Arrived date list | December2019 |
| 655 ## - INDEX TERM--GENRE/FORM | |
| Form subdivision | Reading book |
| 700 1# - ADDED ENTRY--PERSONAL NAME | |
| Personal name | Comrie, Bernard, |
| Dates associated with a name | 1947- |
| Relator term | editor. |
| 9 (RLIN) | 17130 |
| 700 1# - ADDED ENTRY--PERSONAL NAME | |
| Personal name | Matthews, Stephen, |
| Dates associated with a name | 1963- |
| Relator term | editor. |
| 9 (RLIN) | 17131 |
| 700 1# - ADDED ENTRY--PERSONAL NAME | |
| Personal name | Polinsky, Maria, |
| Relator term | editor. |
| 9 (RLIN) | 17132 |
| 700 1# - ADDED ENTRY--PERSONAL NAME | |
| Personal name | Aitchison, Jean, |
| Dates associated with a name | 1938- |
| Relator term | author of introduction, etc. |
| 9 (RLIN) | 17133 |
| 942 ## - ADDED ENTRY ELEMENTS (KOHA) | |
| Koha item type | Reference (NB) |
| Call number prefix | 400 ATL |
| Source of classification or shelving scheme | Dewey Decimal Classification |
| Withdrawn status | Lost status | Source of classification or shelving scheme | Damaged status | Not for loan | Collection code | Home library | Current library | Shelving location | Date acquired | Source of acquisition | Total Checkouts | Full call number | Barcode | Date last seen | Price effective from | Koha item type |
|---|---|---|---|---|---|---|---|---|---|---|---|---|---|---|---|---|
| Dewey Decimal Classification | Central Library | Central Library | Ground Floor | 16/04/2007 | 400 ATL | 000001830 | 15/07/2025 | 25/02/2007 | Reference (NB) |